[Event "Baltic Zonal 2017"]
[Site "Liepaja"]
[Date "2017.06.20"]
[Round "7"]
[White "Kveinys, Aloyzas"]
[Black "Sulskis, Sarunas"]
[Result "1-0"]
[WhiteElo "2526"]
[BlackElo "2521"]
[Annotator "TA"]
[PlyCount "91"]
[EventDate "2017.??.??"]
[EventType "swiss"]
[EventCountry "LAT"]
[SourceTitle "playchess.com"]
[Source "ChessBase"]
[SourceQuality "1"]

{[%evp 13,91,56,35,0,25,30,72,53,67,60,73,69,56,66,80,80,68,40,53,53,52,44,71,45,108,106,98,0,0,0,0,0,0,0,20,-33,0,0,0,0,0,0,0,0,0,6,14,4,30,39,80,51,53,20,20,0,57,26,13,10,22,22,27,26,179,181,177,171,455,391,636,586,610,512,29993,29994,29994,29995,29995,29996]} 1. e4 d6 2. d4 Nf6 3. Nc3 g6 4. Be3 c6 5. Qd2 b5 6. Bd3 Nbd7 7. Nf3 e5 8. h3 {B07: Pirc Defence: Miscellaneous Systems} Bg7 9. dxe5 (9. O-O O-O 10. dxe5 dxe5 11. a4 b4 12. Ne2 a5 13. Ng3 Qe7 14. Bh6 Nc5 15. Bxg7 Kxg7 16. Rfd1 h6 17. Qe3 Rd8 18. b3 Ra7 {½-½ (41) Saric,I (2652)-Andriasian,Z (2621) Tallinn 2016}) 9... dxe5 10. a4 {White is better.} b4 11. Ne2 c5 12. Ng3 O-O 13. O-O Qc7 $146 ({Predecessor:} 13... Bb7 14. b3 Qc7 15. Bh6 Ne8 16. Rad1 Bxh6 17. Qxh6 Ng7 18. Ng5 Nf6 19. Bc4 Rae8 20. Rd3 Ne6 21. Nh5 gxh5 22. Rg3 Ng7 23. Nxh7 Ng4 24. Nf6+ {1-0 (24) Bublei,P (2328)-Drachev,O (2176) St Petersburg 2013}) 14. Rfd1 Bb7 15. Bb5 Rad8 16. Qd6 Qc8 17. a5 Rfe8 $1 18. Qd3 a6 ({Black should try} 18... h6 $14) 19. Bc4 $16 Nb6 20. Qb3 (20. axb6 $16 Rxd3 21. Rxd3) 20... Nxc4 $11 21. Qxc4 Bf8 22. Rxd8 Qxd8 23. Nd2 h5 24. Ne2 (24. c3 $11) 24... Qa8 {[%cal Rf6e4]} 25. f3 Bc6 {...Bb5 is the strong threat.} 26. Qb3 Bb5 27. c4 Bc6 28. Qc2 Nd7 29. Nc1 Qc8 30. Nd3 Qc7 31. Nb3 Bb7 32. Qf2 {[%cal Rb3c5]} Rc8 33. g4 Qd6 34. Qc2 f5 (34... Qe6 $11) 35. Rd1 Qe6 {[%cal Rh5g4]} 36. gxf5 gxf5 37. Qg2+ Kh7 38. Qg5 fxe4 $2 (38... Qf7 $11 {and Black has nothing to worry.}) 39. Qxh5+ $18 Kg8 {[#]} 40. Kh2 $1 {Strongly threatening Rg1+.} Bg7 $2 ({Don't blunder} 40... exd3 $2 41. Rg1+ Bg7 42. Bh6 $18) (40... Qf7 41. Qg4+ Bg7) 41. Ndxc5 Nxc5 $2 (41... Nf6 42. Nxe6 Nxh5) 42. Nxc5 Qxc4 {Hoping for ...Qe2+.} 43. Rg1 {Rxg7+! would kill now.} exf3 {[#]} (43... Qf7 $18 44. Qxf7+ Kxf7 45. Nxb7 Bf8 46. fxe4 b3) 44. Rxg7+ $1 {[%mdl 512] White mates.} Kxg7 {[#]} 45. Bh6+ $1 Kh7 46. Bg5+ {Precision: White = 72%, Black = 40%.} 1-0

[Event "Baltic Zonal 2017"]
[Site "Liepaja"]
[Date "2017.06.20"]
[Round "7"]
[White "Kantans, Toms"]
[Black "Meskovs, Nikita"]
[Result "1/2-1/2"]
[WhiteElo "2490"]
[BlackElo "2479"]
[Annotator "TA"]
[PlyCount "104"]
[EventDate "2017.??.??"]
[EventType "swiss"]
[EventCountry "LAT"]
[SourceTitle "playchess.com"]
[Source "ChessBase"]
[SourceQuality "1"]

{[%evp 28,104,12,4,47,5,26,14,15,7,46,52,47,33,39,29,24,0,0,0,0,0,21,22,29,-6,-7,-8,-17,-85,-25,-25,-25,-25,-29,-35,-35,-48,-8,-8,-11,-20,0,-25,-14,-17,-5,-8,0,-9,0,0,0,0,0,0,0,0,0,0,0,0,0,0,0,0,0,0,0,0,0,0,0,0,0,0,0,0,0]} 1. e4 e5 2. Nf3 Nc6 3. Bb5 a6 4. Ba4 Nf6 5. O-O Be7 6. Re1 b5 7. Bb3 d6 8. c3 O-O 9. d4 Bg4 10. Be3 exd4 11. cxd4 d5 12. e5 Ne4 13. h3 {C91: Closed Ruy Lopez: 7...d6 8 c3 0-0 9 d4} Bh5 14. Nbd2 Qd7 15. a3 {[#] LiveBook: 5 Games} Rab8 $146 ({Predecessor:} 15... Nxd2 16. Qxd2 Bxf3 17. gxf3 a5 18. Kh2 a4 19. Bc2 f5 20. Rg1 Rf7 {1-0 (32) Grandelius,N (2573)-Eljanov,P (2719) Doha 2014}) 16. Rc1 {aiming for Nxe4.} (16. g4 $5 {[%cal Rg4h5]} Bg6 17. Nxe4 Bxe4 18. Nd2 $14) 16... Na5 17. g4 (17. Bc2 $5 {[%cal Rd2e4]}) 17... Bg6 18. Nxe4 $1 dxe4 19. e6 fxe6 20. Ne5 Qd6 21. Ba2 Nc4 22. Bxc4 bxc4 23. Rxc4 Rxb2 24. Qc1 Rb7 25. Rc6 Qd5 26. Nxg6 hxg6 27. Rxa6 Bd6 28. a4 (28. Qc6 $11) 28... Rb4 (28... Rb3 $17) 29. Qc6 $1 $11 Qxc6 30. Rxc6 {White wants to play Ra1.} Rxa4 {Hoping for ...Rf3.} 31. Kg2 Ra2 {White must now prevent ...Rf3.} 32. Rec1 Rf7 33. R1c2 Ra5 34. Bd2 Ra8 35. Be1 Ra4 (35... Ra3 {feels hotter.} 36. Re2 Rff3 37. Rxe4 Rxh3 38. Rxe6 Rh2+) 36. R6c4 {The position is equal.} Rxc4 37. Rxc4 {[%mdl 4096] Endgame KRB-KRB} Rf3 38. Ba5 Rd3 39. Bxc7 Bxc7 40. Rxc7 Rxd4 {KR-KR} 41. Re7 Rd6 42. Ra7 Rd2 43. Re7 Rd6 44. Ra7 Rd5 45. Ra4 Re5 46. Ra3 Kf7 47. h4 g5 48. hxg5 Rxg5 49. Kg3 Kf6 50. Kf4 Re5 51. Ra4 e3 52. fxe3 g5+ {Precision: White = 69%, Black = 49%.} 1/2-1/2

[Event "Baltic Zonal 2017"]
[Site "Liepaja"]
[Date "2017.06.20"]
[Round "7"]
[White "Volodin, Aleksandr"]
[Black "Miezis, Normunds"]
[Result "1-0"]
[WhiteElo "2482"]
[BlackElo "2452"]
[Annotator "TA"]
[PlyCount "145"]
[EventDate "2017.??.??"]
[EventType "swiss"]
[EventCountry "LAT"]
[SourceTitle "playchess.com"]
[Source "ChessBase"]
[SourceQuality "1"]

{[%evp 10,145,24,23,18,5,7,0,23,20,37,28,26,28,48,39,49,43,48,50,43,23,32,35,33,31,88,103,91,57,60,49,46,31,56,18,37,40,35,20,31,39,24,16,23,19,22,0,0,-58,-64,-68,-66,-54,0,0,50,0,0,0,0,0,0,0,0,0,0,0,0,0,0,0,5,5,7,0,0,7,50,33,33,33,38,0,0,0,0,0,0,0,16,0,0,0,0,0,0,0,12851,0,0,0,12851,29964,29966,29964,29962,29966,29965,29966,29967,29968,29970,29971,29971,29972,29972,29973,29973,29974,29975,29975,29976,29977,29978,29979,29978,29979,29982,29983,29983,29984,29985,29986,29986,29986,29987,29988]} 1. d4 e6 2. c4 Nf6 3. Nf3 Bb4+ 4. Nbd2 O-O 5. a3 Bxd2+ 6. Bxd2 b6 {E11: Bogo-Indian} 7. g3 (7. Bg5 Bb7 8. e3 d6 9. Bd3 Nbd7 10. O-O c5 11. b4 Qc7 12. Nd2 Rfe8 13. f3 e5 14. Bf5 exd4 15. exd4 cxd4 16. Nb3 Qxc4 17. Nxd4 Qd5 18. Bh4 a5 {1-0 (28) Gelfand,B (2735)-Miton,K (2612) Tallinn 2016}) 7... Bb7 8. Bg2 d5 {The position is equal.} 9. cxd5 exd5 10. O-O Ne4 $146 ({Predecessor:} 10... Nbd7 11. Rc1 Ne4 12. Bf4 c5 13. dxc5 bxc5 14. b4 {½-½ (86) Antonova,N (1883)-Karayaylali,P (1597) Gaziantep 2008}) 11. Rc1 Nxd2 12. Qxd2 Nd7 13. Qf4 $36 {[%mdl 2048] White is pushing.} c6 14. Rfe1 h6 15. h4 Re8 16. Bh3 Re4 17. Qd6 Nf6 (17... Re7 $14) 18. Qxd8+ $16 Rxd8 19. e3 Re7 20. Red1 Ne4 21. Bg2 g5 22. Ne5 Rd6 23. hxg5 hxg5 24. Rc2 f6 {[%cal Bf7f6,Bf6f5,Bf5f4][%mdl 32]} 25. Nd3 Ba6 26. b3 Bxd3 27. Rxd3 f5 28. g4 f4 29. Bxe4 (29. b4 $11) 29... dxe4 $11 {[%mdl 4096] Endgame KRR-KRR} 30. Rdc3 {[#]} c5 $1 {[%mdl 512]} 31. exf4 (31. dxc5 {is a self mate.} Rd1+ 32. Kg2 f3+ 33. Kg3 Rg1+ 34. Kh2 Rg2+ 35. Kh3 Rh7#) 31... gxf4 ({Black should play} 31... cxd4 $15 32. Rc8+ Kg7 33. fxg5 Rd5) 32. dxc5 Rg6 33. f3 {c6 is the strong threat.} bxc5 34. fxe4 Rxe4 35. Kf2 {aiming for Kf3.} Rb6 36. Kf3 Rd4 37. g5 Kf7 38. Kg4 Kg6 39. Rh2 f3+ 40. Kxf3 Rd5 41. Ke4 Rxg5 42. Rch3 Re6+ 43. Kd3 Re1 44. Rh6+ Kf5 45. R2h5 Rd1+ 46. Kc4 {Threatens to win with Rxg5+.} (46. Kc2 $5 {[%cal Rc2d1]} Rdg1 47. Rxg5+ Rxg5 48. Kc3 $16) 46... Rc1+ $1 47. Kb5 {[#] Hoping for Rxg5+.} Rc3 48. b4 cxb4 49. axb4 (49. Kxb4 {seems wilder.} Rf3 50. Rh4 Rg4+ 51. Rxg4 Kxg4) 49... Rc7 50. Ka6 {And now Rxg5+ would win.} (50. Rh1 {is interesting.} Ke5 51. Ka6 Rg4 52. Re1+ Kd5 53. Rd1+) 50... Rxh5 51. Rxh5+ {KR-KR} Ke6 52. Rh1 Rf7 53. Rd1 {Strongly threatening b5.} Rc7 54. Rd8 $2 ({Better is} 54. b5 $18 {Black must now prevent Rd8.} Ke7 55. Rd4) 54... Rc4 55. Rb8 $2 {[%mdl 8192]} (55. Kb5 $11 Rc3 56. Re8+ Kd5 57. Re7) 55... Kd6 $2 {[%mdl 8192]} (55... Rc7 $11) 56. Kxa7 $18 Kc7 {White mates.} 57. Rb7+ Kc8 58. b5 Ra4+ 59. Kb6 Rf4 60. Rh7 Rf5 61. Rh8+ Kd7 62. Ka6 Rf1 63. Kb7 Rd1 64. Rh4 Rd2 65. b6 {[%cal Bb5b6,Bb6b7][%mdl 32]} Ra2 66. Rd4+ Ke7 67. Kb8 Rb2 68. b7 Ra2 69. Kc7 Rc2+ 70. Kb6 Rb2+ 71. Kc6 Ke6 72. Re4+ Kf7 73. Re5 {Precision: White = 63%, Black = 58%.} 1-0

[Event "Baltic Zonal 2017"]
[Site "Liepaja"]
[Date "2017.06.20"]
[Round "7"]
[White "Stremavicius, Titas"]
[Black "Sveshnikov, Vladimir"]
[Result "1-0"]
[WhiteElo "2448"]
[BlackElo "2383"]
[Annotator "TA"]
[PlyCount "57"]
[EventDate "2017.??.??"]
[EventType "swiss"]
[EventCountry "LAT"]
[SourceTitle "playchess.com"]
[Source "ChessBase"]
[SourceQuality "1"]

{[%evp 18,57,17,17,29,0,7,10,9,0,22,19,14,0,-11,-15,-27,-57,0,0,41,43,104,96,104,82,194,202,217,114,98,114,116,117,123,109,195,184,399,365,550,543]} 1. d4 d5 2. c4 e6 3. Nc3 c6 4. e3 Nf6 5. Nf3 Nbd7 6. Qc2 Bd6 7. b3 O-O 8. Bb2 b6 9. Bd3 Bb7 10. O-O Rc8 {D45: Semi-Slav: 5 e3} (10... Qe7 11. Rad1 Rac8 12. Qb1 c5 13. cxd5 exd5 14. Bf5 Rcd8 15. Rfe1 Rfe8 16. Bh3 Ne4 17. dxc5 Ndxc5 18. Nb5 {1-0 (36) Karjakin,S (2785)-Lu,S (2627) Doha 2016}) 11. Qe2 Qe7 12. e4 $146 ({Predecessor:} 12. Rad1 Rfd8 13. e4 dxe4 14. Nxe4 Nxe4 15. Qxe4 Nf6 16. Qh4 Ba3 17. Ba1 h6 18. Rfe1 {1-0 (26) Mulyar,M (2400)-Kaufman,L (2306) Washington DC 2015}) 12... dxe4 {The position is equal.} 13. Nxe4 Nxe4 14. Qxe4 {[%csl Gd3][%cal Re4h7]} f5 15. Qe2 c5 16. Rfe1 Rce8 17. Rad1 cxd4 ({Better is} 17... Bxf3 $1 $15 18. Qxf3 cxd4) 18. Nxd4 $11 {[%cal Re2e6]} Nc5 19. Bc2 Qc7 {[#]} (19... Qg5 $14 20. Nf3 Qe7) 20. Qh5 $1 $16 {[%cal Rd4f5]} g6 21. Qh6 {Black must now prevent Nb5.} Be5 (21... Bf4 $16 22. Nb5 Bxh6 23. Nxc7 Re7) 22. b4 $18 Bg7 {[#]} 23. Nb5 ({White should play} 23. Qc1 $1 $18) 23... Bxh6 $16 24. Nxc7 Rc8 25. Nxe6 Nxe6 26. Rxe6 {aiming for Re7.} Rfd8 (26... Ba6 $16) 27. Re7 $18 Rxd1+ $2 (27... Bd5) 28. Bxd1 Be4 (28... Ba6 $142 29. b5 (29. Rxa7 Bxc4 30. Bf3 Re8 $16) 29... Bf8) 29. Bb3 {Precision: White = 55%, Black = 29%.} 1-0

[Event "Baltic Zonal 2017"]
[Site "Liepaja"]
[Date "2017.06.20"]
[Round "7"]
[White "Krivonosov, Oleg"]
[Black "Vaicekauskas, Gytis"]
[Result "1/2-1/2"]
[WhiteElo "2426"]
[BlackElo "2207"]
[Annotator "TA"]
[PlyCount "114"]
[EventDate "2017.??.??"]
[EventType "swiss"]
[EventCountry "LAT"]
[SourceTitle "playchess.com"]
[Source "ChessBase"]
[SourceQuality "1"]

{[%evp 25,114,-1,-1,-1,-1,0,0,0,6,2,6,2,2,0,0,-7,0,0,0,0,0,0,6,0,0,0,0,3,13,0,0,0,0,0,0,0,0,0,0,0,0,0,0,0,0,0,0,0,0,0,0,0,0,0,0,0,0,0,0,0,0,0,0,0,0,0,0,0,0,0,0,0,0,0,0,0,0,0,0,0,0,0,0,0,0,0,0,0,0,0,0]} 1. Nf3 Nf6 2. c4 e6 3. g3 d5 4. d4 dxc4 5. Qa4+ Nbd7 6. Bg2 a6 7. Nc3 Rb8 8. Qxc4 b5 9. Qd3 Bb7 10. O-O c5 11. dxc5 Bxc5 12. Bf4 Rc8 13. Rad1 O-O {The position is equal.} 14. Ne5 {E02: Open Catalan: 5 Qa4+} Bxg2 15. Kxg2 {[%cal Re5d7]} Nxe5 16. Bxe5 Qxd3 17. Rxd3 Rfd8 18. Rxd8+ Rxd8 19. Bxf6 gxf6 $11 {[%mdl 4096] Endgame KRB-KRN} 20. Rc1 Bd4 21. Rd1 f5 {[#]} 22. a4 $146 bxa4 23. Nxa4 Kf8 24. e3 (24. Kf3 {is interesting.} Ke8 25. Rd3 Ke7 26. b4 e5 27. Kg2) 24... Bf6 25. Rxd8+ Bxd8 {KB-KN} 26. Kf3 Ke7 27. Ke2 Kd6 28. Kd3 Kd5 29. f3 h5 30. b3 Bf6 31. b4 Be5 32. e4+ fxe4+ 33. fxe4+ Kc6 {[#] aiming for ...Kb5.} 34. Kc4 Bd6 35. Nb2 f5 36. exf5 exf5 37. Nd3 Be7 38. Nf4 h4 39. Ng6 Bf6 40. Nxh4 f4 $1 41. Nf3 fxg3 42. hxg3 Kd6 43. Nd4 Ke5 44. Nb3 Bg5 45. Kc3 Kd5 46. Nd2 Bf6+ 47. Kd3 Be7 48. Kc3 Bf6+ 49. Kb3 Be7 50. Ka4 Kd4 51. Nb3+ Kc4 52. Na5+ (52. Nc5 $5) 52... Kd5 53. Nb3 Kc4 54. Nd2+ (54. Nc5 $5) 54... Kd3 55. Nb3 Kc4 56. Na5+ (56. Nc5 $5) 56... Kd5 57. Nb7 Kc6 {Precision: White = 74%, Black = 82%.} 1/2-1/2

[Event "Baltic Zonal 2017"]
[Site "Liepaja"]
[Date "2017.06.20"]
[Round "7"]
[White "Krupenski, Juri"]
[Black "Klabis, Rokas"]
[Result "1/2-1/2"]
[WhiteElo "2417"]
[BlackElo "2348"]
[Annotator "TA"]
[PlyCount "70"]
[EventDate "2017.??.??"]
[EventType "swiss"]
[EventCountry "LAT"]
[SourceTitle "playchess.com"]
[Source "ChessBase"]
[SourceQuality "1"]

{[%evp 12,70,27,27,49,35,64,52,65,64,72,72,78,75,73,69,75,75,80,34,30,26,28,20,18,0,0,0,0,0,15,-6,-7,-12,0,-47,-48,-56,-60,-54,-30,-31,-25,-39,-39,-28,-32,-39,0,-37,0,-24,-18,-22,-19,-25,-22,-39,-31,-37,0]} 1. d4 Nf6 2. Nf3 e6 3. c4 Bb4+ 4. Bd2 Qe7 5. g3 O-O 6. Bg2 d5 7. Qc2 Nc6 {E11: Bogo-Indian} 8. O-O Bxd2 (8... Ne4 9. a3 Bxd2 10. Nbxd2 Nxd2 11. Qxd2 dxc4 12. Qc3 Rd8 13. Rfd1 Bd7 14. Qxc4 {1-0 (76) Zubritskiy,A (2442)-Movsesian,S (2673) Tallinn 2016}) 9. Nbxd2 Rd8 {White is slightly better.} 10. Rfd1 Bd7 11. a3 Be8 12. e3 a5 13. Rac1 a4 14. Ne5 Rac8 {[#]} 15. Nxc6 $146 (15. Nd3 {is interesting.} b6 16. cxd5 exd5 17. Qxa4 Ne5 18. Qc2) ({Predecessor:} 15. Nd3 Na5 16. cxd5 exd5 17. Bh3 Bd7 18. Bxd7 Qxd7 {½-½ (50) Bischoff,K (2530)-Wolf,V (2310) Germany 1990}) 15... Bxc6 16. cxd5 exd5 17. Nf3 Bb5 18. Bh3 Ra8 19. Ne5 ({Much worse is} 19. Qxc7 Qxc7 20. Rxc7 Be2 $17) 19... c6 20. Re1 Ne8 21. Rcd1 (21. Bg2 $5 {[%cal Re3e4]}) 21... Nd6 22. f3 f6 23. Ng4 (23. Nd3 {seems wilder.} f5 24. Ne5 Qf6 25. Rd2 g6 26. Bg2) 23... Bc4 {And now ...Bb3 would win.} 24. Rc1 Re8 25. Nf2 Bb3 26. Qc3 Qd8 (26... Qc7 {feels hotter.} 27. Nd3 Bc4 28. Nc5 b6 29. Ne6 Qf7) 27. Bf1 Qa5 (27... Bc4 $5) 28. Qxa5 Rxa5 29. Nd3 Re7 30. Kf2 Ra8 31. Nf4 Rae8 32. Bd3 Bc4 33. Bc2 Bb5 34. Rb1 Nc4 {[%cal Rc4e3]} 35. Ng2 Nd2 {Precision: White = 46%, Black = 53%.} 1/2-1/2

[Event "Baltic Zonal 2017"]
[Site "Liepaja"]
[Date "2017.06.20"]
[Round "7"]
[White "Seeman, Tarvo"]
[Black "Malisauskas, Vidmantas"]
[Result "1/2-1/2"]
[WhiteElo "2411"]
[BlackElo "2417"]
[Annotator "TA"]
[PlyCount "73"]
[EventDate "2017.??.??"]
[EventType "swiss"]
[EventCountry "LAT"]
[SourceTitle "playchess.com"]
[Source "ChessBase"]
[SourceQuality "1"]

{[%evp 9,73,17,58,19,26,29,30,26,26,33,27,14,25,15,54,0,49,46,60,22,18,0,56,54,54,28,54,23,31,15,16,-10,-16,-16,27,23,43,0,0,0,0,0,0,0,0,0,0,-7,-7,-82,-81,-69,-74,-83,-76,-154,0,0,0,0,0,0,0,0,0,0]} 1. e4 c5 2. Nc3 Nc6 3. Bb5 Nd4 4. Nf3 Nxb5 5. Nxb5 g6 6. c4 {B23: Closed Sicilian: Lines without g3} (6. O-O Bg7 7. d4 cxd4 8. Nfxd4 d6 9. c4 Nf6 10. f3 O-O 11. Be3 Bd7 12. Nc3 Bc6 13. Qd2 {1-0 (34) Grischuk,A (2794)-Potapov,P (2471) Sochi 2015}) 6... Bg7 7. d4 cxd4 8. Nfxd4 {White has an edge.} d6 9. Be3 Nf6 10. f3 O-O 11. Qd2 $146 ({Predecessor:} 11. O-O Nd7 12. Qd2 Ne5 13. b3 {1-0 (38) Shaw,J (2419)-Perera,W (2081) Tromsoe 2014}) 11... Bd7 12. O-O (12. a4 $14) 12... a6 13. Nc3 Qa5 14. Rfd1 Rfc8 15. Nb3 (15. c5 $5) 15... Qc7 ({Better is} 15... Qh5 $1 $11) 16. Rac1 $14 Be8 17. Kh1 (17. c5 $5) 17... Qb8 18. Nd5 Nxd5 19. exd5 Ba4 20. Re1 Bxb3 $1 21. axb3 Qc7 22. b4 Bf6 23. b3 a5 24. bxa5 Qxa5 25. b4 Qa2 26. Qxa2 Rxa2 27. c5 Kg7 28. h3 Ra4 29. Rb1 (29. cxd6 $11 {remains equal.} Rxc1 30. Rxc1 exd6 31. Bf4) 29... Bc3 $17 30. Rec1 Bxb4 {[%cal Rd6c5]} ({Weaker is} 30... Rxb4 31. cxd6 Rxb1 32. Rxb1 $16) 31. c6 bxc6 32. dxc6 {[#]} (32. Rxc6 $142 Rxc6 33. dxc6) 32... Bc5 $2 (32... d5 $1 $17 {Threatens to win with ...Bd6.} 33. Bd4+ f6) 33. Bxc5 $11 {The position is equal.} dxc5 34. Rxc5 Ra6 35. c7 {Rb8 is the strong threat.} Ra7 36. Rbc1 Kf8 37. Kh2 {Precision: White = 40%, Black = 67%.} 1/2-1/2

[Event "Baltic Zonal 2017"]
[Site "Liepaja"]
[Date "2017.06.20"]
[Round "7"]
[White "Shishkov, Andrei"]
[Black "Brazdzionis, Andrius"]
[Result "1/2-1/2"]
[WhiteElo "2377"]
[BlackElo "2335"]
[Annotator "TA"]
[PlyCount "157"]
[EventDate "2017.??.??"]
[EventType "swiss"]
[EventCountry "LAT"]
[SourceTitle "playchess.com"]
[Source "ChessBase"]
[SourceQuality "1"]

{[%evp 24,157,59,47,104,87,93,90,99,109,104,65,232,227,338,340,357,356,348,324,319,133,275,264,415,364,416,341,378,363,343,212,220,212,212,189,192,188,193,187,182,186,188,187,187,187,191,185,249,255,247,249,337,342,345,326,354,340,349,313,356,354,355,347,348,343,353,353,329,349,343,349,302,304,402,402,436,416,407,491,554,546,694,693,558,439,503,356,570,563,563,563,383,381,1649,1610,1572,533,1016,193,193,193,193,193,193,193,193,192,192,192,193,193,189,188,162,145,779,761,675,675,484,195,596,240,280,0,232,160,169,0,0,-9,-9,-16,-24,-40]} 1. d4 Nf6 2. c4 c5 3. d5 e6 4. Nc3 exd5 5. cxd5 d6 6. e4 g6 7. Nf3 Bg7 8. h3 O-O 9. Bd3 a6 10. a4 Nbd7 11. O-O Nh5 12. Bg5 Bf6 13. Be3 Qc7 {A70: Modern Benoni: 6 e4 g6 7 Nf3} (13... Re8 $14) (13... Re8 14. Qd2 Ne5 15. Be2 Nxf3+ 16. Bxf3 Ng7 {½-½ (16) Kazhgaleyev,M (2594)-Ponomariov,R (2709) chess.com INT 2017}) 14. Nd2 $146 ({Predecessor:} 14. Rc1 Rb8 15. Nd2 Ng7 16. Re1 Ne5 17. Bf1 g5 18. Nf3 Qe7 19. Nxe5 Bxe5 20. Qd2 h6 21. g4 {1-0 (68) Van de Griendt,J (2357)-Huizer,M (2195) Netherlands 2008}) 14... Bd4 15. Bxd4 cxd4 {White is better.} 16. Ne2 Ne5 17. Nb3 Bxh3 $2 (17... f5 $14) 18. gxh3 $18 Nf3+ (18... Qd7 $142) 19. Kg2 Nh4+ {[#]} 20. Kh1 $1 Qd7 21. Ng1 Nf4 22. Kh2 (22. Nxd4 $18 {Black must now prevent Qd2.} Nxh3 23. f4) 22... Rae8 (22... Qe7 $16) 23. Nxd4 Re5 (23... f5 $142 24. exf5 Qg7) 24. Ra3 Rg5 {( -> ...Rg2+)} 25. Be2 Rg2+ 26. Kh1 Qe7 27. Rg3 Qxe4 28. Bf3 Nxf3 29. Ndxf3 Rxg3 30. fxg3 Nxd5 {Threatens to win with ...Ne3.} 31. Qd4 Qxd4 32. Nxd4 Rc8 33. Nge2 Kg7 34. Kg1 h5 35. h4 f5 (35... Ne3 $142) 36. Rc1 Rxc1+ 37. Nxc1 Kf6 38. Nd3 Nb6 39. b3 Nd5 40. Kf2 Nc3 41. Kf3 Nd5 42. a5 Nc3 43. Nc2 Ne4 44. b4 Nd2+ 45. Ke3 Ne4 46. Kf4 Nc3 47. Kf3 Ne4 48. Ne3 Nc3 49. Nf4 Ne4 50. Nc4 Kf7 51. Ke3 Kf6 52. Kd4 Nxg3 53. Nxd6 g5 54. Nd5+ Kg6 55. hxg5 h4 $2 (55... Kxg5 56. b5 (56. Nxb7 h4 $18) 56... h4) 56. Ke3 Kxg5 57. Kf3 Ne4 58. Nxb7 h3 $2 {[#]} (58... Nd2+ 59. Kf2 f4) 59. b5 $1 Kh4 (59... axb5 60. a6) 60. Ne3 ({Weaker is} 60. bxa6 Ng5+ 61. Kf2 Ne4+ 62. Kf3 (62. Kg1 $2 Kg3 $19) 62... Ng5+ 63. Kf2 Ne4+ 64. Kf3 $11 (64. Kg1 $2 Kg3 $19)) (60. Ne7 $142 f4 61. bxa6 Ng5+ 62. Kf2) 60... Nd2+ 61. Kf4 $2 (61. Kf2) 61... h2 62. Nxf5+ Kh3 63. Ng3 Nf1 64. Nh1 Kg2 65. bxa6 Kxh1 {[%mdl 4096] Endgame KN-KN} 66. a7 Kg1 67. a8=Q h1=Q 68. Qg8+ Kf2 69. Qa2+ Ke1 $2 {[%mdl 8192]} (69... Kg1 $16) 70. Qb1+ Kd2 71. Qb4+ Kd1 {...Qh4+ is the strong threat.} 72. Qb3+ (72. Qd4+ $142 Kc1 73. Qc3+ Kb1 74. Nc5) 72... Ke2 $2 (72... Kd2 {is a better chance.} 73. Qb4+ Kd1 74. Qd4+ Kc1 75. Qc3+ Kb1) 73. Qb5+ (73. Qc4+ $142 Kd2 74. Qd4+ Kc1 75. Qc3+ Kb1 76. Nc5) 73... Kd2 {intending ...Qh4+.} 74. Qb4+ Kd1 $1 {Hoping for ...Qh4+.} 75. Ke5 Qh8+ {[#]} 76. Kd5 $2 (76. Ke6 $1 $18) 76... Ne3+ $11 77. Kc6 {Strongly threatening Qb3+.} Qc8+ 78. Kb5 {aiming for Qd4+.} Qxb7+ 79. Ka4 {Precision: White = 53%, Black = 37%.} 1/2-1/2

[Event "Baltic Zonal 2017"]
[Site "Liepaja"]
[Date "2017.06.20"]
[Round "7"]
[White "Sakalauskas, Vaidas"]
[Black "Jankovskis, Guntis"]
[Result "1-0"]
[WhiteElo "2344"]
[BlackElo "2310"]
[Annotator "TA"]
[PlyCount "89"]
[EventDate "2017.??.??"]
[EventType "swiss"]
[EventCountry "LAT"]
[SourceTitle "playchess.com"]
[Source "ChessBase"]
[SourceQuality "1"]

{[%evp 23,89,43,32,15,16,16,23,20,18,9,18,18,26,12,12,2,12,12,24,17,21,0,0,0,0,0,0,1,20,0,0,0,0,0,0,0,0,0,0,0,0,0,0,0,0,0,0,0,0,0,0,0,0,0,0,0,0,0,0,0,0,0,0,0,0,0,29998,29999]} 1. d4 e6 2. c4 Nf6 3. Nc3 Bb4 4. Qc2 d5 5. cxd5 Qxd5 6. e3 c5 7. Bd2 {[%cal Bc1d2,Bd2c3,Bc3d4][%mdl 32]} Bxc3 8. Bxc3 cxd4 9. Bxd4 Nc6 10. Bc3 e5 11. Nf3 Bg4 12. Be2 O-O 13. O-O {E34: Nimzo-Indian: Classical: 4...d5} (13. h3 $5 {[%cal Rh3g4]} Bxf3 14. Bxf3 $14) 13... e4 (13... h6 14. h3 Bh5 15. Rfd1 Qe6 16. a3 Rfc8 17. Rac1 Na5 18. Nxe5 Bxe2 19. Qxe2 Rxc3 20. Rxc3 Qxe5 {0-1 (46) Nasshan,D (2302)-Ovsejevitsch,S (2579) Germany 2016}) 14. Nd4 Nxd4 15. Bxd4 {White has an edge.} Rfc8 16. Qd1 Bxe2 17. Qxe2 Qe6 18. a3 $146 ({Predecessor:} 18. Rac1 b6 19. Bxf6 Qxf6 20. Qg4 Re8 21. Rc2 Rad8 22. Rfc1 {½-½ (22) Follert,I-Ticleanu,S ICCF email 2003}) 18... a6 19. Rac1 h6 20. h3 Rc6 21. b4 Rac8 22. Qb2 Rxc1 23. Rxc1 Rxc1+ 24. Qxc1 Nd5 25. Qb2 f6 26. Qc2 b5 27. Qc5 Qd7 28. Bb2 Qe6 29. Bd4 Ne7 30. Qa7 Nf5 31. Qa8+ Kh7 32. Bc5 h5 33. g3 Nh6 34. Qb7 Nf7 35. h4 Nh6 36. Bf8 {[%csl Gf8][%cal Rb7g7] [#]} Qg4 37. Qd5 Nf5 {White must now prevent ...Nxh4.} 38. Kf1 Qf3 {( -> ...Nxg3+)} 39. Ke1 $1 Kg6 40. Qd7 Qh1+ 41. Ke2 $1 Qb1 42. Qe8+ Kh6 43. Qe6 {aiming for Qxf6+.} Qd3+ 44. Ke1 {Threatens to win with Qxf6+.} Nxe3 $2 {[%mdl 8192] [#]} (44... Kg6 $11) 45. Qxf6+ $1 {Precision: White = 81%, Black = 75%.} 1-0